Zdravý prístup k budovaniu tímov: Teamwork makes the dreamwork
Čas trávený v skupinách. Úlohy tímov pri dosahovaní dobrých výsledkov. Budovanie tímov. Formovanie a dynamika pracovných skupín. Typy tréningových programov. Komunikácia v tíme.
Enregistré dans:
| Auteur principal: | |
|---|---|
| Format: | Chapitre de livre |
| Langue: | slovaque |
| Sujets: | |
| Tags: |
Pas de tags, Soyez le premier à ajouter un tag!
|
MARC
| LEADER | 00000naa$a2200000$$$4500 | ||
|---|---|---|---|
| 001 | 0074569 | ||
| 005 | 20231116120422.6 | ||
| 041 | 0 | |a slo | |
| 044 | |a SK | ||
| 245 | 1 | 0 | |a Zdravý prístup k budovaniu tímov: Teamwork makes the dreamwork |c Anna Beňadiková |
| 520 | |a Čas trávený v skupinách. Úlohy tímov pri dosahovaní dobrých výsledkov. Budovanie tímov. Formovanie a dynamika pracovných skupín. Typy tréningových programov. Komunikácia v tíme. | ||
| 610 | 2 | 0 | |a tímy pracovné |
| 610 | 2 | 0 | |a komunikácia |
| 610 | 2 | 0 | |a zamestnanci |
| 610 | 2 | 0 | |a vzdelávanie |
| 100 | 1 | |a Beňadiková, Anna | |